<?xml version="1.0" encoding="UTF-8"?>
<collection xmlns="http://www.loc.gov/MARC21/slim">
  <record>
    <leader>00000nam  2200000   4500</leader>
    <controlfield tag="001">INLIS000000000018361</controlfield>
    <controlfield tag="005">20241107093643</controlfield>
    <datafield tag="035" ind1="#" ind2="#">
      <subfield code="a">0010-1124000027</subfield>
    </datafield>
    <controlfield tag="007">ta</controlfield>
    <controlfield tag="008">241107###########################0######</controlfield>
    <datafield tag="245" ind1="#" ind2="#">
      <subfield code="a">SULAPPA APPA :</subfield>
      <subfield code="b">Simulator Pendukung Bahan Ajar Proses Perkuliahan Mahasiswa Pada Program Studi Teknik Sistem Energi  Insititut Teknologi Bacharuddin Jusuf Habibie /</subfield>
      <subfield code="c">A. Syahrinaldy Syahruddin, M.T</subfield>
    </datafield>
    <datafield tag="260" ind1="#" ind2="#">
      <subfield code="a">Makassar :</subfield>
      <subfield code="b">Puslatbang KMP LAN RI,</subfield>
      <subfield code="c">2024</subfield>
    </datafield>
    <datafield tag="300" ind1="#" ind2="#">
      <subfield code="a">52 ;</subfield>
      <subfield code="c">30</subfield>
    </datafield>
    <datafield tag="650" ind1="#" ind2="4">
      <subfield code="a">Memaksimalkan perangkat pembelajaran yang ada</subfield>
    </datafield>
    <datafield tag="700" ind1=" " ind2="#">
      <subfield code="a">Prof. Dr. Eng. Intan Sari Areni, S.T., M.T., IPU (Mentor)</subfield>
    </datafield>
    <datafield tag="700" ind1=" " ind2="#">
      <subfield code="a">Mutmainnah, S.Ip., M.Tr. AP (Coach)</subfield>
    </datafield>
    <datafield tag="520" ind1="#" ind2="#">
      <subfield code="a">Gagasan kreatif mengatasi akar masalah&#13;
&#13;
Memetakan kekurangan perangkat pembe- lajaran, hal ini berkaitan dengan kelengka pan bahan pembelajaran. Namun untuk saat ini tetap memaksimalkan perangkat pembe- lajaran yang ada.&#13;
&#13;
Mengajak dan melibatkan dosen yang ada saat ini dengan tetap memperhatikan bidang keahlian dari dosen tersebut&#13;
&#13;
Mengumpulkan referensi sebanyak-ban- yaknya mengenai mata kuliah termodina- mika&#13;
&#13;
Membuat agenda perencanaan persiapan perkuliahan yang lebih terstruktur dan disiplin dalam menjalankannya</subfield>
    </datafield>
    <datafield tag="856" ind1="#" ind2="#">
      <subfield code="a">Puslatbang KMP LAN</subfield>
    </datafield>
  </record>
</collection>
